Monstros mitológicos (Record no. 19042)

MARC details
000 -LÍDER
campo de controle de tamanho fixo 01750 a2200289 4500
001 - NÚMERO DE CONTROLE
campo de controle 19042
003 - IDENTIFICADOR DO NÚMERO DE CONTROLE
campo de controle OSt
005 - DATA E HORÁRIO DA ÚLTIMA TRANSAÇÃO
campo de controle 20240404203922.0
008 - CAMPO DE DADOS FIXOS--INFORMAÇÃO GERAL
campo de controle de tamanho fixo 240404b |||||||| |||| 00| 0 POR d
020 ## - ISBN - INTERNATIONAL STANDARD BOOK NUMBER
ISBN - International Standard Book Number 9788530504977 (broch.)
020 ## - ISBN - INTERNATIONAL STANDARD BOOK NUMBER
Informação qualificadora broch.
040 ## - FONTE DA CATALOGAÇÃO
Instituição da catalogação original BR-SrUB
Instituição que transcreveu o registro BR-SrUB
Instituição que modificou o registro BR-BrIDEA
041 ## - CÓDIGO DE IDIOMA
Código do idioma do texto/trilha sonora ou título diferente por
082 ## - CDD - CLASSIFICAÇÃO DECIMAL DE DEWEY
Número de Classificação 028.5
090 ## - NÚMERO DE CHAMADA LOCAL
Número de chamada (OCLC) (R); Número de chamada, CALL (RLIN) (NR) P Year 7 028
Número Cutter local (OCLC); Número de classificação do livro, CALL (RLIN) AGU
100 ## - ENTRADA PRINCIPAL--NOME PESSOAL
Nome pessoal Aguiar, Luiz Antonio.
Datas associadas ao nome 1955
240 10 - TÍTULO UNIFORME
Idioma da obra por
245 10 - TÍTULO
Título Monstros mitológicos
Indicação de responsabilidade, etc. Luiz Antonio Aguiar ; ilustrações Salmo Dansa
260 ## - PUBLICAÇÃO, DISTRIBUIÇÃO, ETC.
Local de publicação, distribuição, etc. São Paulo, SP
Nome do editor, distribuidor, etc. Quinteto Editorial
Data da publicação, distribuição, etc. 2007
300 ## - DESCRIÇÃO FÍSICA
Extensão 115 p.
Outros detalhes físicos il.
Dimensões 23 cm
490 ## - TÍTULO DA SÉRIE
Título da série Coleção mitos em contos
697 ## - ENTRADA DE ASSUNTO LOCAL--ENTIDADE COLETIVA (RLIN)
Nome corporativo ou nome da jurisdição Mitologia grega
697 ## - ENTRADA DE ASSUNTO LOCAL--ENTIDADE COLETIVA (RLIN)
Nome corporativo ou nome da jurisdição Mitologia
700 ## - ENTRADA ADICIONADA - NOME PESSOAL
Nome pessoal Dansa, Salmo
Datas associadas ao nome 1966
Função do autor por extenso ilustrador
856 ## - LOCALIZAÇÃO ELETRÔNICA E ACESSO
Uniform Resource Identifier <a href="000002/00000299.jpg">000002/00000299.jpg</a>
942 ## - ELEMENTOS DE ENTRADA ADICIONADOS (KOHA)
Tipo de material Koha Livros
Fonte da classificação ou esquema de arquivamento na estante
Holdings
Situação do descarte Situação das perdas Situação física Não pode ser emprestado Biblioteca de origem Biblioteca atual Data de aquisição Total de empréstimos Número de chamada completo Código de barras Data de último acesso Data do preço efetivo Tipo de material Koha Fonte da classificação ou esquema de arquivamento na estante
        Colégio Anchieta - Pituba Colégio Anchieta - Pituba 21/11/2023   LJ 028.5 A282m AGU MON 6027/PIT 21/11/2023 21/11/2023 Livros  
        Colégio Anchieta - Pituba Colégio Anchieta - Pituba 21/11/2023   LJ 028.5 A282m AGU MON 6028/PIT 21/11/2023 21/11/2023 Livros  
        Colégio São Paulo Colégio São Paulo 21/11/2023   028.5 AGU MON 1098/ITA 21/11/2023 21/11/2023 Livros  
        Colégio São Paulo Colégio São Paulo 21/11/2023   028.5 AGU MON 1099/ITA 21/11/2023 21/11/2023 Livros  
        Colégio São Paulo Colégio São Paulo 22/11/2023   LI 028.5 A282m 287/CSP 22/11/2023 22/11/2023 Livros  
        ECB - SUDOESTE ECB - SUDOESTE 16/01/2020   P Year 7 028 AGU 00047520SSW 23/01/2024 23/01/2024 Livros Classificação Decimal de Dewey
        ECB - SUDOESTE ECB - SUDOESTE 16/01/2020   P Year 7 028 AGU 00047521SSW 23/01/2024 23/01/2024 Livros Classificação Decimal de Dewey
        ECB - ÁGUAS CLARAS ECB - ÁGUAS CLARAS 16/01/2020   AP Year 7 028 AGU 00047522AGC 23/01/2024 23/01/2024 Livros Classificação Decimal de Dewey